Các phương pháp giải bài toán tồn tại
Nghiên cứu phương pháp giải bài toán tồn tại trong toán tổ hợp phù hợp với chuyên ngành Phương pháp Toán sơ cấp.
Đã lưu trong:
| 主要作者: | |
|---|---|
| 其他作者: | |
| 格式: | 图书 |
| 语言: | Vietnamese |
| 出版: |
Đà Nẵng
Đại học Đà Nẵng
2015
|
| 主题: | |
| 标签: |
添加标签
没有标签, 成为第一个标记此记录!
|
| Thư viện lưu trữ: | Mạng thư viện Đại học Đà Nẵng |
|---|
| LEADER | 01554nam a2200349 4500 | ||
|---|---|---|---|
| 001 | 000020197 | ||
| 003 | 16642 | ||
| 005 | 20150317100357.0 | ||
| 008 | 150309s2015 viesd | ||
| 041 | |a vie | ||
| 082 | 1 | 4 | |a 511.6 |b NG-Q |
| 100 | 1 | |a Nguyễn Thị Quyên | |
| 245 | 1 | 4 | |a Các phương pháp giải bài toán tồn tại |c Nguyễn Thị Quyên ; Trần Quốc Chiến hướng dẫn. |k Luận văn Thạc sĩ |
| 260 | |a Đà Nẵng |b Đại học Đà Nẵng |c 2015 | ||
| 300 | |a 57 tr., phụ lục 3 tr. |c 29 cm. |e Tóm tắt | ||
| 500 | |a Luận văn thạc sĩ Khoa học. Chuyên ngành: Phương pháp toán sơ cấp. Mã số: 60.46.40. | ||
| 520 | 3 | |a Nghiên cứu phương pháp giải bài toán tồn tại trong toán tổ hợp phù hợp với chuyên ngành Phương pháp Toán sơ cấp. | |
| 650 | 0 | 4 | |a Đại số (Toán học) |v Luận văn tốt nghiệp |x Nghiên cứu |
| 653 | |a Bài toán tồn tại | ||
| 653 | |a Toán tổ hợp | ||
| 653 | |a Phương pháp toán sơ cấp | ||
| 700 | 1 | |a Trần Quốc Chiến |c PGS.TSKH |e Hướng dẫn | |
| OWN | |a LSP | ||
| AVA | |a UDN50 |b LSP |d 511.6 NG-Q |e available |t Error 5001 Not defined in file expand_doc_bib_avail. |f 1 |g 0 |h N |i 0 |k 1 | ||
| 999 | |a From the UDN01 | ||
| AVA | |a UDN50 |b LSP |d 511.6 NG-Q |e available |t Error 5001 Not defined in file expand_doc_bib_avail. |f 1 |g 0 |h N |i 0 |k 1 | ||
| TYP | |a Monograph | ||
| TYP | |a Printed language | ||
| 980 | |a Mạng thư viện Đại học Đà Nẵng | ||